Is more capability always beneficial for firm performance? Market orientation, core business process capabilities and business environment (Record no. 315976)
[ view plain ]
| 000 -LEADER | |
|---|---|
| fixed length control field | 00575nam a2200145Ia 4500 |
| 008 - FIXED-LENGTH DATA ELEMENTS--GENERAL INFORMATION | |
| fixed length control field | 170224s9999 xx 000 0 und d |
| 100 ## - MAIN ENTRY--PERSONAL NAME | |
| Personal name | Matti Jaakkola |
| 245 ## - TITLE STATEMENT | |
| Title | Is more capability always beneficial for firm performance? Market orientation, core business process capabilities and business environment |
| 245 ## - TITLE STATEMENT | |
| Statement of responsibility, etc | Matti Jaakkola, Johanna Frösén, Henrikki Tikkanen, Jaakko Aspara, Antti Vassinen & Petri Parvinen |
| 260 ## - PUBLICATION, DISTRIBUTION, ETC. (IMPRINT) | |
| Name of publisher, distributor, etc | Journal of Marketing Research |
| 260 ## - PUBLICATION, DISTRIBUTION, ETC. (IMPRINT) | |
| Date of publication, distribution, etc | 2016 |
| 300 ## - PHYSICAL DESCRIPTION | |
| Extent | 32:13-14, Pages: 1359-1385 |
| 500 ## - GENERAL NOTE | |
| General note | October |
| 650 ## - SUBJECT ADDED ENTRY--TOPICAL TERM | |
| General subdivision | Marketing. |
| Withdrawn status | Lost status | Damaged status | Home library | Current library | Date acquired | Total Checkouts | Date last seen | Price effective from | Koha item type |
|---|---|---|---|---|---|---|---|---|---|
| College Library | College Library | 02/24/2017 | 02/24/2017 | 02/24/2017 | Periodicals |